Trời đêm những vết thương xuyên thấu = Night sky with exit wounds

Gardado en:
Detalles Bibliográficos
Autor Principal: Vuong, Ocean
Formato: Libro
Idioma:Undetermined
Publicado: Hà Nội Hội Nhà văn 2018
Những chủ đề:
Các nhãn: Engadir etiqueta
Sen Etiquetas, Sexa o primeiro en etiquetar este rexistro!
Thư viện lưu trữ: Trung tâm Học liệu Trường Đại học Cần Thơ
LEADER 00655nam a2200217Ia 4500
001 CTU_231074
008 210402s9999 xx 000 0 und d
020 |c 129000 
082 |a 811.6 
082 |b V994 
100 |a Vuong, Ocean 
245 0 |a Trời đêm những vết thương xuyên thấu = 
245 0 |b Night sky with exit wounds 
245 0 |c Ocean Vuong ; Hoàng Hưng (dịch) 
260 |a Hà Nội 
260 |b Hội Nhà văn 
260 |c 2018 
650 |a Thơ Mỹ,American poetry 
650 |y Thế kỷ 21,21st century 
910 |b vtbtruc 
980 |a Trung tâm Học liệu Trường Đại học Cần Thơ